Kisah dan pengajaran / (Record no. 724)
[ view plain ]
| 000 -LEADER | |
|---|---|
| fixed length control field | nam a22 a 4500 |
| 003 - CONTROL NUMBER IDENTIFIER | |
| control field | AKMAL |
| 005 - DATE AND TIME OF LATEST TRANSACTION | |
| control field | 20170505084607.0 |
| 008 - FIXED-LENGTH DATA ELEMENTS--GENERAL INFORMATION | |
| fixed length control field | 170505s1996 my 00 may d |
| 020 ## - INTERNATIONAL STANDARD BOOK NUMBER | |
| International Standard Book Number | 9830770370 (kkt.): |
| Terms of availability | RM8.50 |
| 040 ## - CATALOGING SOURCE | |
| Original cataloging agency | AKMAL |
| 082 04 - DEWEY DECIMAL CLASSIFICATION NUMBER | |
| Classification number | 297.1 ABD |
| Edition number | 21 |
| 090 00 - LOCALLY ASSIGNED LC-TYPE CALL NUMBER (OCLC); LOCAL CALL NUMBER (RLIN) | |
| Classification number (OCLC) (R) ; Classification number, CALL (RLIN) (NR) | 297.18 |
| Local cutter number (OCLC) ; Book number/undivided call number, CALL (RLIN) | ABD |
| 245 00 - TITLE STATEMENT | |
| Title | Kisah dan pengajaran / |
| Statement of responsibility, etc. | [penyusun] Abdul Aziz Salim Basyarhil ; penyunting Abu Muhammad Saifuddin |
| 250 ## - EDITION STATEMENT | |
| Edition statement | Edisi Malaysia |
| 260 ## - PUBLICATION, DISTRIBUTION, ETC. | |
| Place of publication, distribution, etc. | Johor Bahru : |
| Name of publisher, distributor, etc. | Perniagaan Jahabersa, |
| Date of publication, distribution, etc. | 1996 |
| 300 00 - PHYSICAL DESCRIPTION | |
| Extent | vii, 143ms. ; |
| Dimensions | 21cm |
| 650 #0 - SUBJECT ADDED ENTRY--TOPICAL TERM | |
| Topical term or geographic name entry element | Islamic stories, Malay |
| 9 (RLIN) | 1556 |
| 650 #0 - SUBJECT ADDED ENTRY--TOPICAL TERM | |
| Topical term or geographic name entry element | Parables |
| 9 (RLIN) | 1557 |
| 700 0# - ADDED ENTRY--PERSONAL NAME | |
| Personal name | Abdul Aziz Salim Basyarahil |
| 9 (RLIN) | 1558 |
| 700 0# - ADDED ENTRY--PERSONAL NAME | |
| Personal name | Abu Muhammad Saifuddin |
| 9 (RLIN) | 1559 |
| 942 ## - ADDED ENTRY ELEMENTS (KOHA) | |
| Source of classification or shelving scheme | |
| Koha item type | Book |
| Withdrawn status | Lost status | Source of classification or shelving scheme | Damaged status | Not for loan | Collection code | Home library | Current library | Shelving location | Date acquired | Inventory number | Total Checkouts | Full call number | Barcode | Date last seen | Price effective from | Koha item type |
|---|---|---|---|---|---|---|---|---|---|---|---|---|---|---|---|---|
| NON-FICTION | AKMAL Melaka | AKMAL Melaka | PINJAMAN | 05.05.2017 | 00389 | 297.1 ABD | 201701739 | 05.05.2017 | 05.05.2017 | Book |
